|
|
|
|
| LEADER |
01587nam a2200433 a 4500 |
| 001 |
nkc20122370511 |
| 003 |
CZ PrNK |
| 005 |
20150626114013.0 |
| 007 |
ta |
| 008 |
120529s2012 xr a e p 001 0 cze |
| 015 |
|
|
|a cnb002370511
|
| 020 |
|
|
|a 978-80-01-05034-7
|q (váz.)
|
| 035 |
|
|
|a (OCoLC)817047020
|
| 040 |
|
|
|a OLA001
|b cze
|d BOA001
|
| 072 |
|
7 |
|a 534
|x Mechanické kmity. Akustika
|2 Konspekt
|9 6
|
| 072 |
|
7 |
|a 37.016
|x Učební osnovy. Vyučovací předměty. Učebnice
|2 Konspekt
|9 22
|
| 080 |
|
|
|a 534.86
|2 MRF
|
| 080 |
|
|
|a 534
|2 MRF
|
| 080 |
|
|
|a (075.8)
|2 MRF
|
| 100 |
1 |
|
|a Škvor, Zdeněk,
|d 1935-2015
|7 jk01130412
|4 aut
|
| 245 |
1 |
0 |
|a Elektroakustika a akustika :
|b vysokoškolská učebnice /
|c Zdeněk Škvor
|
| 250 |
|
|
|a Vyd. 1.
|
| 260 |
|
|
|a V Praze :
|b České vysoké učení technické,
|c 2012
|
| 300 |
|
|
|a 574 s. :
|b il. ;
|c 24 cm +
|e 1 CD
|
| 500 |
|
|
|a Na rubu tit. s.: ČVUT v Praze, Česká matice technická
|
| 504 |
|
|
|a Obsahuje bibliografii, bibliografické odkazy a rejstřík
|
| 650 |
0 |
7 |
|a elektroakustika
|7 ph119865
|2 czenas
|
| 650 |
0 |
7 |
|a akustika
|7 ph114015
|2 czenas
|
| 650 |
0 |
9 |
|a electro-acoustics
|2 eczenas
|
| 650 |
0 |
9 |
|a acoustics
|2 eczenas
|
| 655 |
|
7 |
|a učebnice vysokých škol
|7 fd133772
|2 czenas
|
| 655 |
|
9 |
|a textbooks (higher)
|2 eczenas
|
| 710 |
2 |
|
|a Česká matice technická
|7 xx0005422
|
| 910 |
2 |
|
|a BOA001
|b 2-1288.192
|
| 928 |
9 |
|
|a Česká technika - nakladatelství ČVUT
|
| 990 |
|
|
|a BK
|
| 995 |
|
|
|a 01
|
| 991 |
|
|
|b 201206
|c NOV
|e n
|
| 996 |
6 |
|
|b 2610514543
|c 2-1288.192
|l MZK
|r Sklad / do 1 hodiny
|n 3
|p p.v.
|w 001258657
|u 000010
|a 1
|e BOA001
|j MZK50
|s P
|